000 00242nam a2200097Ia 4500
005 20251222121410.0
008 251222s1900||||xx |||||||||||||| ||spa||
082 _aDVD0070/W67C/2002
245 0 _aConstruyendo la vida:Life as a House
942 _cDVD
999 _c2487
_d2487